Normal view
MARC view
- Didactic fiction.
Entry Genre/Form Term
001 - CONTROL NUMBER
- control field: 353
003 - CONTROL NUMBER IDENTIFIER
- control field: NUST
005 - DATE AND TIME OF LATEST TRANSACTION
- control field: 20170510171241.0
008 - FIXED-LENGTH DATA ELEMENTS
- fixed length control field: 170510|| aca||aabn | a|a d
040 ## - CATALOGING SOURCE
- Original cataloging agency: NUST
- Transcribing agency: NUST
155 ## - HEADING--GENRE/FORM TERM
- Genre/form term: Didactic fiction.
- : gsafd
- Form subdivision: Love stories.
670 ## - SOURCE DATA FOUND
- Source citation: Work cat.: (NUST)23601: Eliot, George, 349, Adam Bede /, c1997
